[Event "Bucharest Gaudeamus Cup 3rd"]
[Site "Bucharest"]
[Date "2011.06.19"]
[Round "5"]
[White "Stanciu, Adrian"]
[Black "Nastase, Robert Paul"]
[Result "0-1"]
[WhiteElo "1988"]
[BlackElo "1864"]
[PlyCount "146"]
[EventDate "2011.06.17"]
[EventType "swiss"]
[EventRounds "5"]
[EventCountry "ROU"]
[SourceTitle "CBM 143 Extra"]
[Source "ChessBase"]
[SourceDate "2011.08.29"]
[SourceVersion "1"]
[SourceVersionDate "2011.08.29"]
[SourceQuality "1"]

1. b4 d5 2. Bb2 e6 3. Nf3 Nf6 4. b5 c6 5. a4 a6 6. e3 Bd7 7. c4 axb5 8. axb5 Rxa1 9. Bxa1 dxc4 10. bxc6 Bxc6 11. Bxc4 Nbd7 12. 0-0 Bd6 13. Nc3 0-0 14. Nb5 Bb8 15. Nbd4 Bxf3 16. Nxf3 Qc7 17. Qb3 Rc8 18. d3 h6 19. g3 Qb6 20. Rb1 Qxb3 21. Rxb3 b6 22. Bxf6 gxf6 23. Ba6 Rc1+ 24. Kg2 Bc7 25. d4 f5 26. Nd2 Rc2 27. Nc4 Nf6 28. Rb2 Rxb2 29. Nxb2 Nd5 30. Kf3 Nc3 31. h3 f6 32. g4 fxg4+ 33. Kxg4 b5 34. Bc8 Kf7 35. f4 f5+ 36. Kh5 Nd5 37. Nd1 b4 38. Ba6 b3 39. Bc4 b2 40. Ba2 Bd6 41. Nxb2 Nxe3 42. Nd3 Ng2 43. Ne5+ Kf6 44. Kxh6 Nxf4 45. Nd7+ Ke7 46. Nc5 Bxc5 47. dxc5 Nxh3 48. c6 Nf4 49. Kg5 Nh3+ 50. Kh4 Nf4 51. Kg5 Nd5 52. Bb1 f4 53. Bd3 Kd6 54. Kg4 Kxc6 55. Kf3 e5 56. Ke4 Kd6 57. Kf3 Nf6 58. Ba6 Kd5 59. Bb7+ Kd4 60. Bc6 Nd5 61. Bb5 e4+ 62. Kf2 Nb4 63. Kf1 Nd3 64. Ke2 f3+ 65. Kd1 Ke3 66. Bd7 f2 67. Bh3 Nf4 68. Bf1 Kf3 69. Ba6 e3 70. Bb7+ Kg3 71. Ba6 e2+ 72. Bxe2 Nxe2 73. Kxe2 Kg2 0-1

[Event "ROM Supercup"]
[Site "Romania"]
[Date "2001.??.??"]
[Round "?"]
[White "Stanciu, Adrian"]
[Black "Stefan, Bogdan Liviu"]
[Result "0-1"]
[WhiteElo "2130"]
[BlackElo "2125"]
[PlyCount "76"]
[EventDate "2001.??.??"]
[EventType "tourn"]
[EventRounds "11"]
[EventCountry "ROU"]
[SourceTitle "EXT 2008"]
[Source "ChessBase"]
[SourceDate "2007.11.25"]
[SourceVersion "1"]
[SourceVersionDate "2007.11.25"]
[SourceQuality "1"]

1. d4 Nf6 2. Nf3 g6 3. e3 Bg7 4. Bd3 d6 5. Nbd2 0-0 6. c3 c6 7. Qc2 Nbd7 8. Nf1 e5 9. Ng3 Re8 10. 0-0 d5 11. dxe5 Ng4 12. e6 Rxe6 13. e4 Nc5 14. exd5 cxd5 15. h3 Ne5 16. Be2 Nc6 17. Be3 Ne4 18. Nxe4 dxe4 19. Rfd1 Qe8 20. Nd4 Nxd4 21. cxd4 Rd6 22. Rac1 Bd7 23. d5 Rc8 24. Qb3 b6 25. Rxc8 Bxc8 26. Bb5 Bd7 27. Bf4 Bxb5 28. Bxd6 Ba4 29. Qa3 Bxd1 30. Bc7 Bd4 31. Kf1 Qb5+ 32. Kg1 Qxd5 33. Qe7 Ba4 34. Bd6 Qa8 35. b3 Bc6 36. b4 Qe8 37. Qh4 e3 38. Qxd4 e2 0-1

[Event "Ciocaltea Memorial op"]
[Site "Bucharest"]
[Date "2000.??.??"]
[Round "3"]
[White "Stanciu, Adrian"]
[Black "Baratosi, Daniel"]
[Result "0-1"]
[WhiteElo "2132"]
[BlackElo "2028"]
[PlyCount "96"]
[EventDate "2000.02.??"]
[EventType "swiss"]
[EventRounds "7"]
[EventCountry "ROU"]
[SourceTitle "EXT 2001"]
[Source "ChessBase"]
[SourceDate "2000.11.22"]
[SourceVersion "1"]
[SourceVersionDate "2000.11.22"]
[SourceQuality "1"]

1. b4 e5 2. Bb2 Bxb4 3. Bxe5 Nf6 4. c4 Nc6 5. Bb2 d6 6. e3 Bf5 7. Nf3 0-0 8. Be2 Ba5 9. 0-0 Bg6 10. d4 Ne4 11. Qa4 Bb6 12. Nbd2 Qe8 13. Qa3 Nxd2 14. Nxd2 Bxd4 15. Bf3 Bxb2 16. Qxb2 Rb8 17. Rac1 Ne5 18. Qa3 Nxf3+ 19. Nxf3 Be4 20. Nd4 a6 21. Rfd1 c5 22. Ne2 Qc6 23. f3 Bg6 24. Nf4 Rfe8 25. h4 Re5 26. e4 f5 27. Nd3 Re7 28. e5 b6 29. exd6 Qxd6 30. Ne1 Qg3 31. Qxa6 Rbe8 32. Qxb6 Rxe1+ 33. Rxe1 Rxe1+ 34. Rxe1 Qxe1+ 35. Kh2 Qxh4+ 36. Kg1 Qxc4 37. Qd8+ Kf7 38. Qd7+ Kf6 39. Qd8+ Ke6 40. Qc8+ Ke5 41. Qc7+ Kd4 42. Qxg7+ Kd3 43. Qa7 Qd4+ 44. Kh2 c4 45. Qa6 Kd2 46. a4 c3 47. Qa5 Ke2 48. Qc7 Kf1 0-1

[Event "ROM-ch"]
[Site "Predeal"]
[Date "1988.??.??"]
[Round "7"]
[White "Armas, Jules"]
[Black "Stanciu, Adrian"]
[Result "1-0"]
[WhiteElo "2460"]
[BlackElo "2310"]
[PlyCount "56"]
[EventDate "1988.??.??"]
[EventType "tourn"]
[EventRounds "16"]
[EventCountry "ROU"]
[EventCategory "7"]
[SourceTitle "EXT 1997"]
[Source "ChessBase"]
[SourceDate "1996.11.15"]
[SourceVersion "1"]
[SourceVersionDate "1996.11.15"]
[SourceQuality "1"]

1. e4 e5 2. Nf3 Nc6 3. Bc4 Nf6 4. d3 h6 5. c3 d6 6. 0-0 g6 7. d4 Qe7 8. Nbd2 Bg7 9. Re1 0-0 10. h3 Qd8 11. Bb5 Nd7 12. Nc4 exd4 13. cxd4 a6 14. Bxc6 bxc6 15. Bf4 Nb6 16. Na5 Bd7 17. Rc1 g5 18. Bg3 f5 19. exf5 Rxf5 20. Nxc6 Bxc6 21. Rxc6 Qd7 22. Qb3+ Kh8 23. Rec1 Nd5 24. Qb7 Qe8 25. Bxd6 Rb8 26. Qxa6 Rxb2 27. Be5 Bxe5 28. Rxh6+ Kg7 1-0

[Event "ROM-ch"]
[Site "Predeal"]
[Date "1988.??.??"]
[Round "5"]
[White "Ionescu, Constantin"]
[Black "Stanciu, Adrian"]
[Result "1-0"]
[WhiteElo "2465"]
[BlackElo "2310"]
[PlyCount "109"]
[EventDate "1988.??.??"]
[EventType "tourn"]
[EventRounds "16"]
[EventCountry "ROU"]
[EventCategory "7"]
[SourceTitle "EXT 1997"]
[Source "ChessBase"]
[SourceDate "1996.11.15"]
[SourceVersion "1"]
[SourceVersionDate "1996.11.15"]
[SourceQuality "1"]

1. Nf3 Nf6 2. c4 c5 3. g3 b6 4. Bg2 Bb7 5. 0-0 d6 6. Nc3 g6 7. d4 cxd4 8. Qxd4 Bg7 9. Be3 Nbd7 10. Rac1 Rc8 11. b3 0-0 12. Qd2 Re8 13. Bh3 a6 14. Bh6 Bh8 15. Ng5 Ne5 16. Bxc8 Qxc8 17. f3 Qc5+ 18. Rf2 Rc8 19. Rd1 b5 20. Nd5 Nxd5 21. cxd5 f5 22. Ne6 Qc2 23. h3 Qxd2 24. Rxd2 Nf7 25. Be3 Rc3 26. Bd4 Rc1+ 27. Rf1 Rxf1+ 28. Kxf1 Bxd5 29. Bxh8 Bxe6 30. Bd4 Nd8 31. Rc2 Kf7 32. Bb6 Ke8 33. Rc7 Bd7 34. Ra7 Nc6 35. Rxa6 Bc8 36. Ra8 Kd7 37. g4 fxg4 38. hxg4 h5 39. gxh5 gxh5 40. a4 b4 41. Kg2 e5 42. Kg3 Bb7 43. Rh8 Ne7 44. a5 Kc6 45. Rxh5 Nd5 46. Bd8 Nf4 47. Rh7 Nxe2+ 48. Kf2 Ba6 49. Ra7 Bb5 50. a6 Kd5 51. Ra8 Nd4 52. a7 Bc6 53. Rb8 Nxb3 54. Rxb4 Nc5 55. Rb6 1-0

[Event "ROM-ch"]
[Site "Predeal"]
[Date "1988.??.??"]
[Round "6"]
[White "Stanciu, Adrian"]
[Black "Stefanov, Parik"]
[Result "1-0"]
[WhiteElo "2310"]
[BlackElo "2495"]
[PlyCount "81"]
[EventDate "1988.??.??"]
[EventType "tourn"]
[EventRounds "16"]
[EventCountry "ROU"]
[EventCategory "7"]
[SourceTitle "EXT 1997"]
[Source "ChessBase"]
[SourceDate "1996.11.15"]
[SourceVersion "1"]
[SourceVersionDate "1996.11.15"]
[SourceQuality "1"]

1. e4 c5 2. Nf3 e6 3. d4 a6 4. Bd3 Qc7 5. c3 d6 6. 0-0 Nd7 7. Re1 b6 8. a4 Bb7 9. d5 e5 10. b4 g6 11. Qe2 Bg7 12. Nbd2 Ne7 13. Nb3 h6 14. a5 b5 15. c4 bxc4 16. Bxc4 cxb4 17. Bd2 f5 18. exf5 gxf5 19. Nfd4 0-0 20. Ne6 Qb8 21. Nxf8 Nxf8 22. Bxb4 Nfg6 23. Bd2 Kh7 24. Rab1 Bxd5 25. Bxd5 Nxd5 26. Nd4 Qc8 27. Rec1 Qd7 28. Qf3 Nge7 29. Nc6 Re8 30. Nxe7 Nxe7 31. Qb7 Qa4 32. Qxa6 Qd4 33. Be3 Qg4 34. Qxd6 f4 35. f3 Qg5 36. Bf2 Ng6 37. Rc7 Rd8 38. Qe6 e4 39. Qxe4 Qxa5 40. Rc6 Qh5 41. h4 1-0